Učitavanje...
Kinnar lokasahitya /
| Glavni autor: | |
|---|---|
| Format: | Printed Book |
| Jezik: | Hindi |
| Izdano: |
Himachal Prakashan ,
1976.
|
| LEADER | 00405nam a2200133Ia 4500 | ||
|---|---|---|---|
| 008 | 150624b xxu||||| |||| 00| | hin d | ||
| 100 | |a Bamshiram Sharma | ||
| 245 | |c Bamshiram Sharma |a Kinnar lokasahitya / | ||
| 260 | |b Himachal Prakashan , |c 1976. | ||
| 300 | |a 414 p. | ||
| 546 | |a In Hindi. | ||
| 942 | |c BK | ||
| 999 | |c 91020 |d 91020 | ||
| 952 | |0 1 |1 0 |4 0 |7 0 |9 90962 |a UL |b UL |c ST1 |d 1998-09-15 |l 0 |p 33946 |r 2012-10-27 |w 2012-10-27 |y BK | ||